| 000 | 00792cam a22002055a 4500 | ||
|---|---|---|---|
| 001 | L157656 | ||
| 008 | 130220s1833 xxk f 000 0 eng d | ||
| 035 | _a(Sirsi) u157656 | ||
| 041 | 0 | _aeng | |
| 100 | 1 |
_aKeith, Thomas _d1759-1824 |
|
| 245 | 0 | 4 |
_aThe complete measurer, or, The whole art of measuring _bbeing a plain and comprehensive treatise on practical geometry and mensuration ... _cby Thomas Keith |
| 250 | _a22nd ed., corr. and improved | ||
| 260 |
_aLondon _bPrinted for Longman & Co. ... [and 11 others] _c1833 |
||
| 300 |
_axvi, 320 p. _bill. _c19 cm. |
||
| 520 | _a"For the use of schools, and persons concerned in measuring, gauging, surveying, etc." | ||
| 651 | 4 |
_aGreat Britain _y1707- |
|
| 690 |
_aMeasurement _96256 |
||
| 700 | 1 |
_aMaynard, Samuel _d1790-1866 |
|
| 942 | _n0 | ||
| 999 |
_c114903 _d114903 |
||